[Event "ROM-ch U10"]
[Site "Calimanesti"]
[Date "2018.04.02"]
[Round "8"]
[White "Gutanu, Bogdan Alexandru"]
[Black "Iorga, Andrei"]
[Result "1/2-1/2"]
[WhiteElo "1097"]
[BlackElo "1007"]
[PlyCount "109"]
[EventDate "2018.03.27"]
[EventType "swiss"]
[EventRounds "9"]
[EventCountry "ROU"]
[SourceTitle "CBM 183 Extra"]
[Source "ChessBase"]
[SourceDate "2018.04.19"]
[SourceVersion "1"]
[SourceVersionDate "2018.04.19"]
[SourceQuality "1"]

1. e4 e5 2. Nf3 Nc6 3. Bc4 Bc5 4. c3 Nf6 5. d4 exd4 6. cxd4 Bb4+ 7. Nc3 Nxe4 8. 0-0 Bxc3 9. bxc3 d5 10. Bb5 0-0 11. Bxc6 bxc6 12. Qd3 Qf6 13. Nd2 Re8 14. Nxe4 dxe4 15. Qg3 Ba6 16. Re1 h5 17. Qg5 Qxg5 18. Bxg5 f6 19. Bf4 Rac8 20. f3 g5 21. Bg3 h4 22. Bf2 exf3 23. Rxe8+ Rxe8 24. gxf3 Be2 25. Re1 Kf7 26. Kg2 Bc4 27. Rxe8 Kxe8 28. a3 Ke7 29. d5 Bxd5 30. Bxa7 Kd6 31. Kf2 c5 32. Ke3 Kc6 33. f4 Kd6 34. fxg5 fxg5 35. Kd3 c4+ 36. Ke3 Kc6 37. Bd4 g4 38. Kf4 Be6 39. Ke5 Bc8 40. Bf2 h3 41. Kd4 Kb5 42. Bg3 c5+ 43. Kd5 Bb7+ 44. Kd6 Ba6 45. a4+ Kxa4 46. Kxc5 Kb3 47. Be5 g3 48. Bxg3 Kxc3 49. Be1+ Kd3 50. Kd5 Ke2 51. Bc3 Kf3 52. Be5 Kg2 53. Ke4 c3 54. Bxc3 Kxh2 55. Be5+ 1/2-1/2

[Event "ROM-ch U10"]
[Site "Calimanesti"]
[Date "2018.03.31"]
[Round "6"]
[White "Robu, Denis Andrei"]
[Black "Iorga, Andrei"]
[Result "0-1"]
[WhiteElo "1005"]
[BlackElo "1007"]
[PlyCount "36"]
[EventDate "2018.03.27"]
[EventType "swiss"]
[EventRounds "9"]
[EventCountry "ROU"]
[SourceTitle "CBM 183 Extra"]
[Source "ChessBase"]
[SourceDate "2018.04.19"]
[SourceVersion "1"]
[SourceVersionDate "2018.04.19"]
[SourceQuality "1"]

1. e4 e5 2. Nf3 Nc6 3. d4 exd4 4. Nxd4 Nf6 5. Nxc6 bxc6 6. e5 Qe7 7. Qe2 Nd5 8. Qg4 Qxe5+ 9. Be2 Nb4 10. Na3 d5 11. Qg3 Qf6 12. Qxc7 Bd6 13. Qa5 Qe5 14. Nb5 cxb5 15. Qxb5+ Bd7 16. Qb7 Rb8 17. Qxa7 Bb5 18. 0-0 Qxh2# 0-1

[Event "ROM-ch U08"]
[Site "Calimanesti Caciulata"]
[Date "2016.04.24"]
[Round "8"]
[White "Iorga, Andrei"]
[Black "Gheorghe, Andrei Calin"]
[Result "0-1"]
[WhiteElo "1001"]
[BlackElo "1030"]
[PlyCount "56"]
[EventDate "2016.04.18"]
[EventType "swiss"]
[EventRounds "9"]
[EventCountry "ROU"]
[SourceTitle "CBM 172 Extra"]
[Source "ChessBase"]
[SourceDate "2016.06.21"]
[SourceVersion "1"]
[SourceVersionDate "2016.06.21"]
[SourceQuality "1"]

1. e4 e5 2. Nf3 Nc6 3. Bc4 Bc5 4. c3 Nf6 5. d4 exd4 6. cxd4 Bb4+ 7. Bd2 0-0 8. Nc3 d6 9. 0-0 Bg4 10. Bg5 Re8 11. Nd5 Rxe4 12. Bxf6 gxf6 13. Re1 Bxe1 14. Bd3 Re6 15. Bc2 Kh8 16. Qd3 Qg8 17. Nxe1 Rae8 18. h3 Rxe1+ 19. Rxe1 Rxe1+ 20. Kh2 Be2 21. Qe4 Bf1 22. Qf3 Nxd4 23. Qg3 Qe8 24. Nxf6 Qe5 25. Kg1 Qxf6 26. Qh4 Qxh4 27. g3 Qxh3 28. f3 Qg2# 0-1

[Event "ROM-ch U08"]
[Site "Calimanesti Caciulata"]
[Date "2016.04.22"]
[Round "6"]
[White "Iorga, Andrei"]
[Black "Strajan, Andrei Mihai"]
[Result "1-0"]
[WhiteElo "1001"]
[BlackElo "1031"]
[PlyCount "73"]
[EventDate "2016.04.18"]
[EventType "swiss"]
[EventRounds "9"]
[EventCountry "ROU"]
[SourceTitle "CBM 172 Extra"]
[Source "ChessBase"]
[SourceDate "2016.06.21"]
[SourceVersion "1"]
[SourceVersionDate "2016.06.21"]
[SourceQuality "1"]

1. e4 c5 2. Bc4 e6 3. Nf3 d6 4. 0-0 Nf6 5. Nc3 Nc6 6. d3 Be7 7. Bf4 d5 8. exd5 exd5 9. Bb5 a6 10. Bxc6+ bxc6 11. Qe2 0-0 12. Bg5 Bg4 13. Bxf6 Bxf6 14. Qe3 Qb6 15. Na4 Qb8 16. Nxc5 Bxb2 17. Rab1 Bxf3 18. Qxf3 Rd8 19. Qg4 g6 20. Nd7 Rxd7 21. Qxd7 Qb4 22. c4 dxc4 23. dxc4 Qa3 24. Qxc6 Qxa2 25. Qxa8+ Kg7 26. Qb7 a5 27. Rxb2 Qxc4 28. Ra1 a4 29. Rba2 Qd3 30. Rxa4 Qc2 31. Ra7 Qc4 32. h3 g5 33. R1a4 Qc1+ 34. Kh2 h5 35. Qxf7+ Kh8 36. Ra8+ Qc8 37. Rxc8# 1-0

[Event "ROM-ch U08"]
[Site "Calimanesti Caciulata"]
[Date "2016.04.19"]
[Round "2"]
[White "Iorga, Andrei"]
[Black "Stanoiev, Victor Stefan"]
[Result "1-0"]
[WhiteElo "1001"]
[BlackElo "1028"]
[PlyCount "51"]
[EventDate "2016.04.18"]
[EventType "swiss"]
[EventRounds "9"]
[EventCountry "ROU"]
[SourceTitle "CBM 172 Extra"]
[Source "ChessBase"]
[SourceDate "2016.06.21"]
[SourceVersion "1"]
[SourceVersionDate "2016.06.21"]
[SourceQuality "1"]

1. e4 e6 2. d4 d5 3. exd5 exd5 4. Nf3 Nf6 5. Bd3 Bb4+ 6. c3 Bd6 7. 0-0 0-0 8. Bg5 Re8 9. c4 Be6 10. Re1 Be7 11. cxd5 Qxd5 12. Bxf6 Bxf6 13. Nc3 Nc6 14. Nxd5 Bxd5 15. Rxe8+ Rxe8 16. Qd2 g6 17. Re1 Rd8 18. Qe2 Be7 19. Bc4 Bxc4 20. Qxc4 Kg7 21. d5 Nb8 22. Rxe7 Rf8 23. Rxc7 Re8 24. Qf4 Re7 25. Rxe7 Na6 26. Rxf7+ 1-0